Matrika židovského obyvatelstva ze Stráže pod Ralskem 1838-1898

Titel: Matrika židovského obyvatelstva ze Stráže pod Ralskem 1838-1898
Verfasser:
In: Bezděz, Band 11 (2002), Seite 31-62
alle Artikel anzeigen
Veröffentlicht: 2002
Format: Aufsatz
Sprache: Tschechisch
Kein Bild verfügbar
X
alg: 39298556
001A    $01999:11-11-16 
001B    $01999:28-04-21 $t19:30:26.000 
001C    $06050:19-11-16 $t22:31:02.000 
001D    $01999:11-11-16 
001U    $0utf8 
001X    $00 
002@    $0Aox 
003@    $039298556X 
007A    $039298556X $aHEB 
007T    $0Herdp09278 
010@    $acze 
011@    $a2002 
021A    $aMatrika židovského obyvatelstva ze Stráže pod Ralskem 1838-1898 
028A    $aGajdošík $dPetr 
031A    $d11 $h31-62 $j2002 
037A    $aangl. res. 31; něm. res. 62: Das Personenstandsregister der jüdischen Bevölkerung aus Stráž pod Ralskem 1838-1898 
039B    $aIn $8--Abvc--. Bezděz. - Česká Lípa, 1990-. - ISSN 1211-9172 $x200200000110000969 $905908720X 
045F    $a909.04924094371 $eDDC23BSB 
045F/01 $a909.04924 
045F/03 $g4371 
045T    $a7,41 

lok: 39298556 78

exp: 39298556 78 1 #EPN
201B/01 $026-11-17 $t01:22:10.000 
201U/01 $0utf8 
203@/01 $0789095874 
208@/01 $a11-11-16 $be 
209A/01 $a/ $f000 $x00 
220C/01 $aTitelaufnehmer: rb 
220C/01 $aHerkunft: Hú Av Čr Praha 
244Z/01 $#Tschechien $#Tschechische Republik $#Tschechische Republik $#Tschechenland $#Tschechei Tschechien $#Česká Republika $#Czech Republic $#ČR $74303381-7 $8--Tg1--Tschechien $x01 $9086659812 
244Z/01 $2Trx $#Böhmen $#Bohemia $#Czechy $8--Trx--Čechy $x02 $9391188941 
244Z/01 $2Trx $#Wartenberg Böhmisch Leipa $8--Trx--Stráž pod Ralskem$gČeská Lípa $x03 $9391183346 
244Z/01 $aGeschichte 1838-1898 $x04 
244Z/01 $2Trx $#juudid $#žydai $#Jews $#zsidók $#Żydzi $#Židia $#Židé $#Minderheit, jüdische $#Litvaken $#mniejszość żydowska $#menšina židovská $#menšina židovská $8--Trx--Juden $x05 $9391371312 
244Z/01 $2Trx $#elanike nimistud $#gyventojų surašymai $#lists of inhabitants $#népességi nyilvántartások $#spisy mieszkańców $#zoznamy obyvateľov $#seznamy obyvatel $8--Trx--Einwohnerverzeichnisse $x06 $9391384120 
244Z/01 $2Trx $8--Trx--Zeitschriftenaufsatz $x07 $9391384341 
245Z/01 $a13.03 $x01 
245Z/01 $a08.04.09 $x02 
247C/01 $82080>Marburg/Lahn, Herder-Institut, Forschungsbibliothek, Bibliographieportal $9336309341
LEADER 00000caa a22000002c 4500
001 39298556X
003 DE-603
005 20210428193026.0
007 tu
008 161111s2002 xx |||| | u00||u|cze c
035 |a (DE-599)HEB39298556X 
040 |a DE-603  |b ger  |c DE-603  |d DE-603 
041 |a cze 
082 0 4 |8 1\u  |a 909.04924094371  |q DE-101  |2 23/BSB 
084 |a 7,41  |2 ssgn 
085 |8 1\u  |b 909.04924 
085 |8 1\u  |z 2  |s 4371 
100 1 |a Gajdošík, Petr 
245 0 0 |a Matrika židovského obyvatelstva ze Stráže pod Ralskem 1838-1898 
264 0 |c 2002 
500 |a angl. res. 31; něm. res. 62: Das Personenstandsregister der jüdischen Bevölkerung aus Stráž pod Ralskem 1838-1898 
773 0 8 |i In  |t Bezděz  |d Česká Lípa, 1990-  |x 1211-9172  |g Band 11 (2002), Seite 31-62  |w (DE-603)05908720X  |w (DE-600)1136222-4 
924 0 |9 2080  |a (DE-603)789095874  |b DE-2080  |c HES  |d d  |g /